000 00777nam a2200193 i 4500
001 180368
003 ES-MaACL
005 20230906221056.0
008 120530s1976 sp |||| | spa d
080 _a616.6-002.5(043)
100 1 _aLópez Pérez, Antonio.
_973883
245 1 0 _aTrasposiciones intestinales en la cirugía reparadora y plástica de la tuberculosis urinaria /
_cpor Antonio López Pérez.
260 _aBarcelona :
_bUniversidad de Barcelona, Secretariado de Publicaciones, Intercambio Científico y Extensión Universitaria,
_c1976.
300 _a14 p. ;
_c24 cm.
502 _aTesis-Universidad Barcelona (Extracto)
650 0 4 _aAparato urinario-
_xEnfermedades.
_99913
710 2 _aUniversidad de Barcelona.
_97141
852 _aES-MaACL
_jE-15361(193)
999 _c180368
_d180368